| 000 | 00552nam a2200193Ia 4500 | ||
|---|---|---|---|
| 005 | 20250508163653.0 | ||
| 008 | 008 250505s9999 xx 000 0 hin d | ||
| 037 | _aTextual | ||
| 040 |
_aFEDL _beng _cFEDL |
||
| 041 |
_ahin _2eng |
||
| 084 |
_a370.15, CHO _qFEDL |
||
| 100 |
_aChobey Saryu Prashad _9770224 |
||
| 245 | 0 | _aShiksha manovigyan ke tatva | |
| 260 |
_aFaizabad, India _bBhavdiya Prakashan _c1995 |
||
| 300 | _a357p. | ||
| 650 |
_aEdcuation-Psychology _9756182 |
||
| 942 |
_cTEXL _h370.15, CHO |
||
| 999 |
_c1384614 _d1384614 |
||